000 00569cam a2200217ua 4500
001 8821
005 20260515114400.0
008 150214n ii |||gr||||Z||||||eng
020 _a9788123739984
040 _cMAIN
041 _aeng
082 _a891.4513S
100 _aBardoloi, N. P.,
_eEditor.
245 1 _aAnthology of assamese short stories
_cEdited by N. P. Bardoloi
250 _a1st.
260 _aNew Delhi:
_bNational,
_c2010.
300 _a260p.
653 _aEast Indo-European & Celtic literatures
653 _aAssamese short stories
942 _cBK
999 _c7909
_d7909